[Event "FICGS no engines 00 email"]
[Site "FICGS email"]
[Date "2013.03.04"]
[Round "1"]
[White "Cridland, Graham M"]
[Black "Mach, Jiri"]
[Result "1-0"]
[WhiteElo "1608"]
[BlackElo "1010"]
[PlyCount "25"]
[EventDate "2013.??.??"]
[EventType "swiss (corr)"]
[EventRounds "1"]
[SourceTitle "Corr 2022"]
[Source "ChessBase"]
[SourceDate "2021.10.24"]
[SourceVersion "1"]
[SourceVersionDate "2021.10.24"]
[SourceQuality "1"]

1. e4 c5 2. Nf3 Nc6 3. Bb5 e6 4. 0-0 Nge7 5. c3 a6 6. Be2 d5 7. e5 d4 8. d3 Ng6 9. b4 cxb4 10. cxd4 Nxd4 11. Bb2 Nxe2+ 12. Qxe2 Bd7 13. Nbd2 1-0

[Event "FICGS class C 000198 email"]
[Site "FICGS email"]
[Date "2013.03.01"]
[Round "1"]
[White "Tomlin, Lincoln"]
[Black "Cridland, Graham M"]
[Result "1-0"]
[WhiteElo "1725"]
[BlackElo "1608"]
[PlyCount "55"]
[EventDate "2013.??.??"]
[EventType "tourn (corr)"]
[EventRounds "4"]
[SourceTitle "Corr 2022"]
[Source "ChessBase"]
[SourceDate "2021.10.24"]
[SourceVersion "1"]
[SourceVersionDate "2021.10.24"]
[SourceQuality "1"]

1. c4 Nf6 2. Nc3 g6 3. d4 Bg7 4. e4 d6 5. Nf3 0-0 6. Be2 e5 7. dxe5 dxe5 8. Bg5 Nbd7 9. 0-0 c6 10. Qc2 Qc7 11. Rad1 Re8 12. Be3 Nf8 13. Bc5 N6d7 14. Bd6 Qa5 15. b4 Qd8 16. c5 Qf6 17. Bc4 Ne6 18. Bxe6 Rxe6 19. Rd3 a5 20. b5 Re8 21. Rfd1 Nf8 22. Qa4 Bg4 23. bxc6 bxc6 24. Qxc6 Ne6 25. Nd5 Qd8 26. Ne7+ Kh8 27. Nxe5 Bxe5 28. Bxe5+ 1-0

[Event "FICGS no engines 00 email"]
[Site "FICGS email"]
[Date "2012.12.11"]
[Round "1"]
[White "Pipac, Darko"]
[Black "Cridland, Graham M"]
[Result "0-1"]
[WhiteElo "1260"]
[BlackElo "1600"]
[PlyCount "34"]
[EventDate "2012.??.??"]
[EventType "swiss (corr)"]
[EventRounds "1"]
[SourceTitle "Corr 2022"]
[Source "ChessBase"]
[SourceDate "2021.10.24"]
[SourceVersion "1"]
[SourceVersionDate "2021.10.24"]
[SourceQuality "1"]

1. e4 c5 2. Nf3 Nc6 3. d4 cxd4 4. Nxd4 Nf6 5. Nc3 e6 6. Bg5 Qc7 7. Bxf6 gxf6 8. h3 a6 9. Be2 Rg8 10. g3 Bh6 11. Qd3 Nxd4 12. Qxd4 Ke7 13. 0-0 Rxg3+ 14. fxg3 Qxg3+ 15. Kh1 Qxh3+ 16. Kg1 Be3+ 17. Qxe3 Qxe3+ 0-1

[Event "FICGS no engines 00 email"]
[Site "FICGS email"]
[Date "2012.11.13"]
[Round "1"]
[White "Cridland, Graham M"]
[Black "Uzzaman, Ashik"]
[Result "1/2-1/2"]
[WhiteElo "1600"]
[BlackElo "1453"]
[PlyCount "111"]
[EventDate "2012.??.??"]
[EventType "swiss (corr)"]
[EventRounds "1"]
[SourceTitle "Corr 2022"]
[Source "ChessBase"]
[SourceDate "2021.10.24"]
[SourceVersion "1"]
[SourceVersionDate "2021.10.24"]
[SourceQuality "1"]

1. e4 c5 2. Nf3 g6 3. d4 cxd4 4. Nxd4 Nc6 5. Nc3 Bg7 6. Be3 Nf6 7. Bc4 0-0 8. Bb3 a5 9. a3 d6 10. f3 Nxd4 11. Bxd4 Be6 12. Nd5 Bxd5 13. Bxd5 Nxd5 14. exd5 Qc7 15. Bxg7 Kxg7 16. Qd4+ Kg8 17. Rc1 Rfc8 18. c4 b5 19. b3 a4 20. 0-0 axb3 21. cxb5 Qxc1 22. Rxc1 Rxc1+ 23. Kf2 Rc2+ 24. Kg3 b2 25. Qb4 Rxa3 26. b6 Ra8 27. Qb3 Rd2 28. b7 Rb8 29. Qb5 Rxd5 30. Qxb2 Rg5+ 31. Kf2 Rc5 32. Qb6 Kg7 33. Qa7 Rxb7 34. Qxb7 e6 35. Qb6 Rd5 36. Kg3 h5 37. Qb2+ e5 38. Qb6 Rd4 39. Kh3 Kf6 40. Qd8+ Ke6 41. Qe8+ Kf6 42. Kg3 Rd2 43. h4 Rd4 44. Kh3 Rd3 45. Qc6 Rd4 46. g4 hxg4+ 47. fxg4 Rd3+ 48. Kg2 Rd2+ 49. Kf3 Rd3+ 50. Ke2 Rd4 51. Qd7 Kg7 52. h5 Kh6 53. Kf3 gxh5 54. gxh5 Kxh5 55. Qxf7+ Kg5 56. Ke3 1/2-1/2

[Event "FICGS no engines 00 email"]
[Site "FICGS email"]
[Date "2012.08.19"]
[Round "1"]
[White "Cridland, Graham M"]
[Black "Cirovic, Zeljko"]
[Result "1-0"]
[WhiteElo "1637"]
[BlackElo "1530"]
[PlyCount "39"]
[EventDate "2012.??.??"]
[EventType "swiss (corr)"]
[EventRounds "1"]
[SourceTitle "Corr 2022"]
[Source "ChessBase"]
[SourceDate "2021.10.24"]
[SourceVersion "1"]
[SourceVersionDate "2021.10.24"]
[SourceQuality "1"]

1. d4 d5 2. Nf3 Nf6 3. c4 dxc4 4. g3 Bf5 5. Bg2 e6 6. 0-0 Nc6 7. Qa4 Be7 8. Ne5 0-0 9. Nxc6 bxc6 10. Qxc4 Bxb1 11. Rxb1 Nd5 12. Qxc6 Qd6 13. Qc4 Rac8 14. Bd2 c6 15. Rfd1 Bf6 16. e4 Nb6 17. Qa6 Bxd4 18. Bc3 c5 19. b4 Qe5 20. Bxd4 1-0

[Event "FICGS no engines 00 email"]
[Site "FICGS email"]
[Date "2012.08.19"]
[Round "1"]
[White "Cridland, Graham M"]
[Black "Csoma, Robert"]
[Result "1-0"]
[WhiteElo "1637"]
[BlackElo "1485"]
[PlyCount "61"]
[EventDate "2012.??.??"]
[EventType "swiss (corr)"]
[EventRounds "1"]
[SourceTitle "Corr 2022"]
[Source "ChessBase"]
[SourceDate "2021.10.24"]
[SourceVersion "1"]
[SourceVersionDate "2021.10.24"]
[SourceQuality "1"]

1. d4 Nf6 2. c4 c5 3. d5 e6 4. Nc3 exd5 5. cxd5 d6 6. e4 g6 7. f4 Bg7 8. Bb5+ Nfd7 9. a4 a6 10. Bd3 0-0 11. Nf3 Re8 12. 0-0 Qc7 13. Kh1 b6 14. e5 dxe5 15. f5 Bb7 16. fxg6 hxg6 17. Ng5 Nf6 18. Be4 Qd6 19. Be3 Nbd7 20. Qe1 Rab8 21. Rd1 Bc8 22. Qg3 b5 23. Nxf7 Kxf7 24. Bxg6+ Kg8 25. Bxe8 Nxe8 26. Ne4 Qe7 27. d6 Qd8 28. Ng5 Ndf6 29. Bxc5 bxa4 30. Qd3 Rxb2 31. Qc4+ 1-0

[Event "FICGS class C 000190 email"]
[Site "FICGS email"]
[Date "2012.05.24"]
[Round "1"]
[White "Cridland, Graham M"]
[Black "Lemstra, Bart"]
[Result "0-1"]
[WhiteElo "1630"]
[BlackElo "1731"]
[PlyCount "56"]
[EventDate "2012.??.??"]
[EventType "tourn (corr)"]
[EventRounds "4"]
[SourceTitle "Corr 2022"]
[Source "ChessBase"]
[SourceDate "2021.10.24"]
[SourceVersion "1"]
[SourceVersionDate "2021.10.24"]
[SourceQuality "1"]

1. d4 d5 2. c4 e6 3. Nf3 c5 4. Nc3 cxd4 5. Nxd4 Nf6 6. g3 e5 7. Ndb5 d4 8. Qa4 Bd7 9. Nd5 Nxd5 10. cxd5 a6 11. e3 Qb6 12. exd4 Bxb5 13. Bxb5+ Qxb5 14. Qxb5+ axb5 15. dxe5 Nd7 16. f4 f6 17. e6 Nb6 18. 0-0 Bc5+ 19. Kg2 Ke7 20. Rd1 Rhd8 21. f5 g6 22. g4 Ra4 23. h3 gxf5 24. gxf5 Nxd5 25. a3 Re4 26. Bh6 Rh4 27. Bd2 Rg8+ 28. Kh2 Bd6+ 0-1

[Event "FICGS no engines 00 email"]
[Site "FICGS email"]
[Date "2012.03.10"]
[Round "1"]
[White "Cridland, Graham M"]
[Black "Pipac, Darko"]
[Result "1-0"]
[WhiteElo "1644"]
[BlackElo "1359"]
[PlyCount "55"]
[EventDate "2012.??.??"]
[EventType "swiss (corr)"]
[EventRounds "1"]
[SourceTitle "Corr 2022"]
[Source "ChessBase"]
[SourceDate "2021.10.24"]
[SourceVersion "1"]
[SourceVersionDate "2021.10.24"]
[SourceQuality "1"]

1. e4 e5 2. Nf3 Nc6 3. Bb5 d6 4. 0-0 Bd7 5. c3 a6 6. Ba4 Nf6 7. Re1 Qe7 8. d4 exd4 9. cxd4 Nxe4 10. d5 Nb8 11. Nc3 f5 12. Bc2 c6 13. Nxe4 fxe4 14. Rxe4 cxd5 15. Rxe7+ Bxe7 16. Qxd5 Bc6 17. Qh5+ g6 18. Bxg6+ Kd8 19. Bg5 Bxf3 20. Bxe7+ Kxe7 21. gxf3 Nd7 22. Re1+ Kd8 23. Bd3 Kc7 24. Re7 Rhg8+ 25. Kf1 Raf8 26. Qxh7 Rd8 27. Bf5 Kc6 28. Bxd7+ 1-0

[Event "FICGS no engines 00 email"]
[Site "FICGS email"]
[Date "2012.03.10"]
[Round "1"]
[White "Cridland, Graham M"]
[Black "Valentin, Laurentiu"]
[Result "1-0"]
[WhiteElo "1644"]
[BlackElo "1600"]
[PlyCount "85"]
[EventDate "2012.??.??"]
[EventType "swiss (corr)"]
[EventRounds "1"]
[SourceTitle "Corr 2022"]
[Source "ChessBase"]
[SourceDate "2021.10.24"]
[SourceVersion "1"]
[SourceVersionDate "2021.10.24"]
[SourceQuality "1"]

1. d4 d5 2. c4 e6 3. Nf3 Nf6 4. g3 b6 5. Bg2 Bb7 6. 0-0 dxc4 7. Qc2 Be7 8. Qxc4 0-0 9. Bf4 Nd5 10. Ne5 a6 11. Nc3 Nd7 12. Rac1 Nxf4 13. Bxb7 b5 14. Qb3 Rb8 15. Nc6 Qe8 16. Nxb8 Qxb8 17. Bc6 Nf6 18. gxf4 Rd8 19. e3 Qb6 20. Ne4 Nxe4 21. Bxe4 a5 22. Rc6 Qb8 23. Rfc1 Bd6 24. Qd3 h6 25. Kh1 b4 26. Rg1 f5 27. Bf3 a4 28. d5 e5 29. Qxf5 Rf8 30. Qg6 Rf7 31. Qe6 exf4 32. Bh5 Qf8 33. Bxf7+ Qxf7 34. Qxf7+ Kxf7 35. e4 Kf6 36. f3 g5 37. Rgc1 Ke5 38. Rxc7 Bxc7 39. Rxc7 b3 40. axb3 axb3 41. Re7+ Kd4 42. d6 Ke3 43. d7 1-0

[Event "FICGS W-ch st1 g14 email"]
[Site "FICGS email"]
[Date "2012.01.01"]
[Round "1"]
[White "Cridland, Graham M"]
[Black "Kasabasic, Djordje"]
[Result "0-1"]
[WhiteElo "1659"]
[BlackElo "2082"]
[PlyCount "42"]
[EventDate "2012.??.??"]
[EventType "tourn (corr)"]
[EventRounds "8"]
[SourceTitle "Corr 2022"]
[Source "ChessBase"]
[SourceDate "2021.10.24"]
[SourceVersion "1"]
[SourceVersionDate "2021.10.24"]
[SourceQuality "1"]

1. e4 c5 2. Nf3 d6 3. d4 cxd4 4. Nxd4 Nf6 5. Nc3 a6 6. Bg5 e6 7. f4 Qb6 8. Qd2 Qxb2 9. Rb1 Qa3 10. e5 h6 11. exf6 hxg5 12. fxg5 gxf6 13. gxf6 Nd7 14. Rb3 Qa5 15. Bb5 axb5 16. Ndxb5 Ra6 17. 0-0 Rh6 18. Qg5 Qb6+ 19. Kh1 Rg6 20. Qh4 Qc5 21. Ne4 Qxc2 0-1

[Event "FICGS class C 000184 email"]
[Site "FICGS email"]
[Date "2011.12.04"]
[Round "1"]
[White "Cridland, Graham M"]
[Black "Faust, Dieter"]
[Result "0-1"]
[WhiteElo "1655"]
[BlackElo "1764"]
[PlyCount "46"]
[EventDate "2011.??.??"]
[EventType "tourn (corr)"]
[SourceTitle "Corr 2022"]
[Source "ChessBase"]
[SourceDate "2021.10.24"]
[SourceVersion "1"]
[SourceVersionDate "2021.10.24"]
[SourceQuality "1"]

1. e4 e6 2. d4 d5 3. Nc3 Bb4 4. e5 Ne7 5. a3 Bxc3+ 6. bxc3 c5 7. Qg4 Kf8 8. h4 Qa5 9. Bd2 Qa4 10. Kd1 Nbc6 11. Nf3 h5 12. Qf4 c4 13. Ng5 Nf5 14. f3 Nce7 15. Qh2 f6 16. exf6 gxf6 17. Ne4 dxe4 18. fxe4 Nh6 19. Rb1 e5 20. Rb4 Qxa3 21. Rxc4 Bg4+ 22. Be2 Bxe2+ 23. Kxe2 Qa6 0-1

[Event "FICGS class C 000181 email"]
[Site "FICGS email"]
[Date "2011.09.11"]
[Round "1"]
[White "Faust, Dieter"]
[Black "Cridland, Graham M"]
[Result "1-0"]
[WhiteElo "1780"]
[BlackElo "1682"]
[PlyCount "35"]
[EventDate "2011.??.??"]
[EventType "tourn (corr)"]
[EventRounds "1"]
[SourceTitle "Corr 2013"]
[Source "ChessBase"]
[SourceDate "2012.11.12"]
[SourceVersion "1"]
[SourceVersionDate "2012.11.12"]
[SourceQuality "1"]

1. d4 Nf6 2. Nf3 g6 3. c4 Bg7 4. g3 0-0 5. Bg2 d6 6. 0-0 Nbd7 7. Nc3 e5 8. e4 a6 9. Re1 Ng4 10. d5 f5 11. exf5 gxf5 12. h3 Ngf6 13. Ng5 Nb6 14. Ne6 Bxe6 15. dxe6 c6 16. Qb3 Kh8 17. e7 Qxe7 18. Qxb6 1-0

[Event "FICGS class C 000181 email"]
[Site "FICGS email"]
[Date "2011.09.11"]
[Round "1"]
[White "Hallqvist, Niklas"]
[Black "Cridland, Graham M"]
[Result "1-0"]
[WhiteElo "1772"]
[BlackElo "1682"]
[PlyCount "45"]
[EventDate "2011.??.??"]
[EventType "tourn (corr)"]
[EventRounds "1"]
[SourceTitle "Corr 2013"]
[Source "ChessBase"]
[SourceDate "2012.11.12"]
[SourceVersion "1"]
[SourceVersionDate "2012.11.12"]
[SourceQuality "1"]

1. e4 c5 2. c3 e6 3. d4 d5 4. Nd2 dxe4 5. Nxe4 cxd4 6. cxd4 Nf6 7. Nc3 Be7 8. Nf3 0-0 9. Bd3 b6 10. Be3 Bb7 11. 0-0 Nc6 12. a3 Rc8 13. Rc1 Nd5 14. Qc2 h6 15. Qe2 Bf6 16. Ne4 Be7 17. Rc2 Na5 18. Rxc8 Qxc8 19. Rc1 Qb8 20. Ne5 Rc8 21. Bxh6 gxh6 22. Qg4+ Kf8 23. Nd7+ 1-0

[Event "FICGS class D 000171 email"]
[Site "FICGS email"]
[Date "2011.06.25"]
[Round "1"]
[White "Bizet, Patrick"]
[Black "Cridland, Graham M"]
[Result "1/2-1/2"]
[WhiteElo "1428"]
[BlackElo "1555"]
[PlyCount "126"]
[EventDate "2011.??.??"]
[EventType "tourn (corr)"]
[EventRounds "6"]
[SourceTitle "Corr 2022"]
[Source "ChessBase"]
[SourceDate "2021.10.24"]
[SourceVersion "1"]
[SourceVersionDate "2021.10.24"]
[SourceQuality "1"]

1. e4 c5 2. Nf3 e6 3. d4 cxd4 4. Nxd4 Nc6 5. Nb5 d6 6. N1c3 a6 7. Na3 b5 8. Naxb5 axb5 9. Bxb5 Bd7 10. a4 Nf6 11. 0-0 Be7 12. Be3 0-0 13. Qe2 Qc7 14. Rfb1 Rfc8 15. f3 Ne5 16. g4 h6 17. Kf2 Nc4 18. Bc1 d5 19. exd5 Qxh2+ 20. Ke1 Qxe2+ 21. Kxe2 Bxb5 22. Nxb5 Nxd5 23. b3 Ne5 24. c4 Nb4 25. Bd2 Na6 26. Rc1 Nc5 27. Rcb1 Kh7 28. Nc3 Bf6 29. b4 Ncd7 30. c5 Nc4 31. Ra2 Kg8 32. Ne4 Nxd2 33. Nxf6+ Nxf6 34. Kxd2 Kf8 35. Kc3 Nd5+ 36. Kc4 Nb6+ 37. Kb3 Nd7 38. a5 Ke7 39. a6 Nxc5+ 40. bxc5 Rab8+ 41. Kc2 Rxc5+ 42. Kd3 Rxb1 43. a7 Rc8 44. a8Q Rxa8 45. Rxa8 Re1 46. Kd2 Re5 47. Kd3 Kf6 48. Kd4 h5 49. gxh5 Rxh5 50. Ra7 Rh4+ 51. Ke3 g5 52. Rb7 Rh3 53. Ke4 Rh4+ 54. Ke3 Rf4 55. Ra7 Kg6 56. Re7 Kh5 57. Ra7 Kh4 58. Ra1 Rf5 59. Rh1+ Kg3 60. Rg1+ Kh3 61. Kf2 Kh2 62. Rg2+ Kh3 63. Rg1 Kh2 1/2-1/2

[Event "FICGS rapid C 000099 email"]
[Site "FICGS email"]
[Date "2011.06.21"]
[Round "1"]
[White "Cridland, Graham M"]
[Black "Giandomenico, Alfonso"]
[Result "1-0"]
[WhiteElo "1555"]
[BlackElo "1587"]
[PlyCount "37"]
[EventDate "2011.??.??"]
[EventType "tourn (rapid)"]
[EventRounds "6"]
[SourceTitle "Corr 2022"]
[Source "ChessBase"]
[SourceDate "2021.10.24"]
[SourceVersion "1"]
[SourceVersionDate "2021.10.24"]
[SourceQuality "1"]

1. e4 c5 2. Nf3 e6 3. d4 cxd4 4. Nxd4 Nf6 5. Nc3 d6 6. g4 h6 7. h4 Bd7 8. Rg1 Nc6 9. g5 hxg5 10. hxg5 Nxd4 11. Qxd4 Ng4 12. Rxg4 e5 13. Qd1 Bxg4 14. Qxg4 Be7 15. Be3 a6 16. 0-0-0 g6 17. Bh3 b5 18. Nd5 a5 19. Bb6 1-0

[Event "FICGS rapid C 000091 email"]
[Site "FICGS email"]
[Date "2010.07.27"]
[Round "1"]
[White "Tuluoglu, Utku"]
[Black "Cridland, Graham M"]
[Result "1/2-1/2"]
[WhiteElo "1626"]
[BlackElo "1580"]
[PlyCount "73"]
[EventDate "2010.??.??"]
[EventType "tourn (rapid)"]
[EventRounds "5"]
[SourceTitle "Corr 2013"]
[Source "ChessBase"]
[SourceDate "2012.11.12"]
[SourceVersion "1"]
[SourceVersionDate "2012.11.12"]
[SourceQuality "1"]

1. d4 Nf6 2. c4 e6 3. Nc3 Bb4 4. e3 c5 5. Bd3 Nc6 6. Nf3 0-0 7. 0-0 b6 8. a3 Bxc3 9. bxc3 Na5 10. e4 h6 11. e5 Ne8 12. d5 Ba6 13. Qe2 Nb3 14. Rb1 Nxc1 15. Rbxc1 exd5 16. cxd5 Bxd3 17. Qxd3 d6 18. a4 dxe5 19. Nxe5 Nd6 20. Rfe1 Re8 21. Kf1 Qg5 22. Qg3 Qxg3 23. hxg3 f6 24. Nd3 Kf7 25. Nf4 Rxe1+ 26. Rxe1 Re8 27. Re6 Rxe6 28. Nxe6 Nc4 29. Ke2 g6 30. g4 Nb2 31. a5 bxa5 32. Nxc5 a4 33. Kd2 a3 34. Kc2 Ke7 35. Ne4 a5 36. Kb3 Nc4 37. Ka2 1/2-1/2

[Event "FICGS unrated 00000 email"]
[Site "FICGS email"]
[Date "2010.06.20"]
[Round "1"]
[White "Cridland, Graham M"]
[Black "Tanda, Giovanni"]
[Result "0-1"]
[WhiteElo "1577"]
[BlackElo "2055"]
[PlyCount "60"]
[EventDate "2010.??.??"]
[EventType "swiss (corr)"]
[EventRounds "1"]
[SourceTitle "Corr 2013"]
[Source "ChessBase"]
[SourceDate "2012.11.12"]
[SourceVersion "1"]
[SourceVersionDate "2012.11.12"]
[SourceQuality "1"]

1. e4 c6 2. d4 d5 3. Nc3 g6 4. Bd3 Bg7 5. e5 Nh6 6. Qe2 Bg4 7. f3 Be6 8. g4 Nd7 9. Nh3 c5 10. Ng5 cxd4 11. Nxe6 fxe6 12. Nb5 Qb6 13. a4 a6 14. a5 Qc5 15. Na3 Nxe5 16. f4 Nexg4 17. Qxe6 Ne3 18. Bd2 Ng2+ 19. Kf2 Ne3 20. Rhg1 Nhf5 21. Rg5 Qc6 22. Bxf5 Nxf5 23. Qe2 0-0 24. h4 Nxh4 25. Rh1 d3 26. Qxd3 Nf5 27. c4 Rad8 28. Qh3 h6 29. cxd5 Qxd5 30. Rxg6 Qxd2+ 0-1

[Event "FICGS rapid C 000088 email"]
[Site "FICGS email"]
[Date "2010.05.23"]
[Round "1"]
[White "Cridland, Graham M"]
[Black "Murray, Findlay"]
[Result "1-0"]
[WhiteElo "1577"]
[BlackElo "1515"]
[PlyCount "53"]
[EventDate "2010.??.??"]
[EventType "tourn (rapid)"]
[EventRounds "5"]
[SourceTitle "Corr 2013"]
[Source "ChessBase"]
[SourceDate "2012.11.12"]
[SourceVersion "1"]
[SourceVersionDate "2012.11.12"]
[SourceQuality "1"]

1. e4 e5 2. Nf3 Nf6 3. d4 Nxe4 4. Bd3 d5 5. Nxe5 Nd7 6. Nxd7 Bxd7 7. 0-0 Bd6 8. Qh5 Nf6 9. Qe2+ Be6 10. c4 0-0 11. c5 Be7 12. Bf4 c6 13. Nd2 Re8 14. b4 Bg4 15. f3 Bh5 16. Qf2 Qd7 17. Rfe1 Bf8 18. Be5 Qd8 19. f4 Ng4 20. Qg3 Nxe5 21. dxe5 Bg6 22. f5 Bh5 23. Nb3 f6 24. e6 b6 25. Qf4 bxc5 26. bxc5 g6 27. g4 1-0

[Event "FICGS rapid C 000088 email"]
[Site "FICGS email"]
[Date "2010.05.23"]
[Round "1"]
[White "Moreno, Ciro Angel"]
[Black "Cridland, Graham M"]
[Result "1-0"]
[WhiteElo "1615"]
[BlackElo "1577"]
[PlyCount "125"]
[EventDate "2010.??.??"]
[EventType "tourn (rapid)"]
[EventRounds "5"]
[SourceTitle "Corr 2013"]
[Source "ChessBase"]
[SourceDate "2012.11.12"]
[SourceVersion "1"]
[SourceVersionDate "2012.11.12"]
[SourceQuality "1"]

1. c4 e5 2. Nc3 Nf6 3. Nf3 Nc6 4. d4 exd4 5. Nxd4 Bb4 6. Nxc6 bxc6 7. Bd2 0-0 8. e3 d5 9. Qa4 Qe7 10. a3 Bc5 11. Qxc6 d4 12. Qxa8 dxc3 13. bxc3 Ne4 14. Bd3 Bf5 15. Qd5 Bg6 16. Bxe4 Bxe4 17. Qh5 Rd8 18. a4 Bd3 19. Rd1 Bc2 20. 0-0 Bxa4 21. Ra1 Bb3 22. Ra5 Bb6 23. Rd5 Bxc4 24. Qe5 Qxe5 25. Rxe5 Bxf1 26. Kxf1 f6 27. Re4 Rxd2 28. Ra4 Rc2 29. Ra3 Kf7 30. h4 Ke6 31. h5 Kd5 32. Ra4 Rxc3 33. Rg4 a5 34. Rxg7 Rc1+ 35. Ke2 Rh1 36. Rxh7 Kc6 37. g4 a4 38. Rh8 Kb7 39. Rd8 a3 40. Rd2 Rh4 41. Kf3 Ba5 42. Ra2 Bb4 43. Kg3 Rh1 44. f4 Kc6 45. Kg2 Rh4 46. Kg3 Rh1 47. Kg2 Re1 48. h6 Rxe3 49. h7 Re8 50. g5 fxg5 51. fxg5 Kb5 52. g6 Bc3 53. Rxa3 Bh8 54. Kh3 Re7 55. Ra8 Bg7 56. Rg8 Be5 57. Kh4 c5 58. g7 Bxg7 59. Rxg7 Re1 60. Rg3 Re4+ 61. Kh3 Re1 62. Rg2 Re3+ 63. Kh2 1-0